| 000 | 004730000a22001810004500 | ||
|---|---|---|---|
| 020 | _a0-8091-1972-2 | ||
| 041 | 0 | _aENG | |
| 082 | 0 | 4 | _aG 303.372 H5157v |
| 245 | 1 | 0 | _aValues and moral development / Thomas C. Hennessy, Editor |
| 260 | _aNew York, N.Y., USA : Paulist | ||
| 300 | _a234 Pag | ||
| 650 | 1 | 4 | _aEDUCACION MORAL |
| 001 | 9418 | ||
| 942 | _cBK | ||
| 999 |
_c39434 _d39434 |
||
| 336 |
_atexto _btxt _2rdacontent |
||
| 337 |
_2rdamedia _asin mediación _bn |
||
| 338 |
_2rdacarrier _avolumen _bnc |
||